000 00957nam a22001817a 4500
999 _c61941
_d61941
003 Ge_BSU
005 20240613105355.0
008 240613s1955 ge ||||| |||| 00| 0 geo d
041 _ageo
080 _a611(063) ე-91
245 _aექსპერიმენტული მორფოლოგიის ინსტიტუტი :
_bშრომები. ტ. 5
_cრედ. ალ. ნათიშვილი; საქართველოს სსრ მეცნიერებათა აკადემია.
264 _aთბილისი :
_bსაქართველოს სსრ მეცნიერებათა აკადემია,
_c1955.
300 _a392 გვ.;
_b26 სმ.
653 _aშრომები
653 _aექსპერიმენტული მორფოლოგია
700 _aნათიშვილი, ალ.
_eრედაქტორი
_922403
942 _2udc
_cBK